Endurance : (Record no. 45392)
[ view plain ]
| 000 -LEADER | |
|---|---|
| fixed length control field | 00833nam a2200253 a 4500 |
| 001 - CONTROL NUMBER | |
| control field | 45392 |
| 003 - CONTROL NUMBER IDENTIFIER | |
| rucl marc code | BD-RjUL |
| 005 - DATE AND TIME OF LATEST TRANSACTION | |
| control field | 20211209054015.0 |
| 008 - FIXED-LENGTH DATA ELEMENTS--GENERAL INFORMATION | |
| fixed length control field | 160726r19851959enka 000 0 eng d |
| 020 ## - INTERNATIONAL STANDARD BOOK NUMBER | |
| International Standard Book Number | 0246123087 (pbk) |
| 035 ## - SYSTEM CONTROL NUMBER | |
| System control number | (BD-RjUL)45510 |
| 040 ## - CATALOGING SOURCE | |
| Original cataloging agency | UKM |
| Transcribing agency | UKM |
| Modifying agency | BD-RjUL |
| Language of cataloging | eng |
| 041 ## - LANGUAGE CODE | |
| Language code of text/sound track or separate title | eng |
| 082 0# - DEWEY DECIMAL CLASSIFICATION NUMBER | |
| Classification number | 919.89 |
| Edition number | 23 |
| Author mark and year | LAE 1959 |
| 100 1# - MAIN ENTRY--PERSONAL NAME | |
| Personal name | Lansing, Alfred. |
| 9 (RLIN) | 139158 |
| 245 10 - TITLE STATEMENT | |
| Title | Endurance : |
| Remainder of title | Shackleton's incredible voyage / |
| Statement of responsibility, etc. | Alfred Lansing. |
| 260 ## - PUBLICATION, DISTRIBUTION, ETC. (IMPRINT) | |
| Place of publication, distribution, etc. | London : |
| Name of publisher, distributor, etc. | Granada, |
| Date of publication, distribution, etc. | c1959 [Reprint 19845] |
| 300 ## - PHYSICAL DESCRIPTION | |
| Pagination | 560 p. : |
| Illustrations | ill. ; |
| Size | 22 cm. |
| 500 ## - GENERAL NOTE | |
| General note | Originally published: London : Hodder & Stoughton, 1959. |
| 600 ## - SUBJECT ADDED ENTRY--PERSONAL NAME | |
| Personal name | Shackleton, Ernest Henry, |
| Chronological subdivision | 1874-1922. |
| 650 ## - SUBJECT ADDED ENTRY--TOPICAL TERM | |
| Topical term or geographic name as entry element | Endurance (Ship) |
| 9 (RLIN) | 139160 |
| Topical term or geographic name as entry element | Imperial Trans-Antarctic Expedition, |
| Chronological subdivision | 1914-1917. |
| 9 (RLIN) | 139161 |
| 942 ## - ADDED ENTRY ELEMENTS (KOHA) | |
| Source of classification or shelving scheme | Dewey Decimal Classification |
| Koha item type | Books |
| Lost status | Source of classification or shelving scheme | Damaged status | Not for loan | Collection code | Permanent Location | Current Location | Shelving location | Date acquired | Source of acquisition | Total Checkouts | Full call number | Date last seen | Copy number | Koha item type |
|---|---|---|---|---|---|---|---|---|---|---|---|---|---|---|
| Dewey Decimal Classification | Non-fiction | Central Library, University of Rajshahi | Central Library, University of Rajshahi | 20/05/1995 | British council | 919.89 LAE 1959 | 26/07/2016 | C-2 | Books |